Foundations of the mind : children's understanding of reality

Αποθηκεύτηκε σε:
Λεπτομέρειες βιβλιογραφικής εγγραφής
Κύριος συγγραφέας: Subbotsky, E. V. (Eugene Vasilevich)
Μορφή: Βιβλίο
Γλώσσα:English
Δημοσίευση: New York : Harvester, 1992
Σειρά:Developing body and mind
Θέματα:
Ετικέτες: Προσθήκη ετικέτας
Δεν υπάρχουν, Καταχωρήστε ετικέτα πρώτοι!

MARC

LEADER 00000nam a2200000 i 4500
001 1/94959
008 991201s1992 eng d
020 |a 0-7450-1042-3 
035 |l 10055075 
040 |a GR-MY-UA  |b gre  |e aacr 
041 0 |a eng 
082 0 |a 155.413 
100 1 |a Subbotsky, E. V.  |q (Eugene Vasilevich) 
245 1 0 |a Foundations of the mind :  |b children's understanding of reality /  |c Eugene V. Subbotsky 
260 |a New York :   |b Harvester,   |c 1992 
300 |a 162 p. 
490 1 |a Developing body and mind 
600 1 0 |a Piaget Jean  |d 1896-1980. 
650 0 0 |a Perception in children. 
650 0 0 |a Reality in children. 
830 0 |a Developing body and mind 
852 |a INST  |b RHODES  |e 19991201  |h 155.413 SUB  |p 005400012857  |q 005400012857  |t BK  |y 0 
901 |a BIBL4-1999-3 
909 |a Ρ  |b 070004 
922 |a 4ΕΛΗ  |b 199909  |c ΚΠΣ/154  |d GLORY BOOKS 
970 |a ΚΟΥΛΑΚΙΟΤΗ  |b ΛΙΤΣΑ  |z 1999/12/01